Heavy Metal Band Logos - Statistics

General Stats
  • This quiz has been taken 6,077 times
    5,960 since last reset
  • The average score is 17 of 30
Answer Stats
Picture Answer % Correct
Ghost
98%
Grave
97%
Death
96%
Archgoat
83%
Morbid Angel
82%
Emperor
79%
Mayhem
79%
Carcass
76%
Rotten Sound
75%
Dismember
65%
Autopsy
63%
Incantation
63%
Coffins
60%
Dark Throne
59%
Unleashed
53%
Mekong Delta
52%
Cattle Decapitation
51%
Pathology
48%
Khanate
46%
My Dying Bride
42%
Blood Bath
38%
Beherit
36%
Thy Art Is Murder
35%
Defeated Sanity
33%
Katatonia
31%
Voivod
29%
Enslaved
24%
Borknagar
22%
Blood Incantation
21%
Revocation
15%
No matching quizzes found
Score Distribution
Percent of People with Each Score
Percentile by Number Answered
Your Score History
You have not taken this quiz since the last reset